00632 a2200133 4500020001800000082001800018100002300036245020600059260005900265300003200324650002900356999001500385952009800400 a9789810804152 a624.15136 THO aThongchai, Aniruth aGeo Chiangmai 2008 : An International Conference on Geotechnical Engineering Focusing on New Development in Soil & Rock Engineering, Engineering Geology & Environmental Geotechnique/cAniruth Thongchai aSingapore :bCI Premier Conference Organisation,c2008 avii, 360p. :bill. ;c25 cm aGeotechnical engineering c1145d1145 00104070aNITbNITcCEd0000-00-00l0o624.15136 THOpNIT-5014 r2017-01-05w2017-01-05yBK